| 000 | 00282nam a22000857a 4500 | ||
|---|---|---|---|
| 999 |
_c516628 _d516628 |
||
| 100 |
_aBava, Noorjahan (ed.) _923167 |
||
| 245 |
_aNon governmental organisations in development : _bTheory and practice _cedited by Noorjahan Bava |
||
| 260 |
_aNew Delhi _bKanishka Pub. _c1997 |
||
| 300 | _a288p. | ||